<?xml version="1.0" encoding="UTF-8"?>
<record
    xmlns:xsi="http://www.w3.org/2001/XMLSchema-instance"
    xsi:schemaLocation="http://www.loc.gov/MARC21/slim http://www.loc.gov/standards/marcxml/schema/MARC21slim.xsd"
    xmlns="http://www.loc.gov/MARC21/slim">

  <leader>01555nam a22002777a 4500</leader>
  <controlfield tag="001">10141</controlfield>
  <controlfield tag="003">FISKH</controlfield>
  <controlfield tag="005">20260424095206.0</controlfield>
  <controlfield tag="008">260424b        cb ||||| |||| 00| 0 eng d</controlfield>
  <datafield tag="020" ind1=" " ind2=" ">
    <subfield code="a">9789924342106</subfield>
  </datafield>
  <datafield tag="040" ind1=" " ind2=" ">
    <subfield code="a">FISKH</subfield>
    <subfield code="b">bin</subfield>
    <subfield code="c">FISKH</subfield>
    <subfield code="d">FISKH</subfield>
  </datafield>
  <datafield tag="050" ind1=" " ind2=" ">
    <subfield code="a">PZ7</subfield>
  </datafield>
  <datafield tag="082" ind1=" " ind2=" ">
    <subfield code="a">823</subfield>
  </datafield>
  <datafield tag="100" ind1=" " ind2=" ">
    <subfield code="a">Omissi , Antiochus</subfield>
  </datafield>
  <datafield tag="245" ind1=" " ind2=" ">
    <subfield code="a">&#x1796;&#x178E;&#x17CF;&#x1781;&#x17C0;&#x179C; : </subfield>
    <subfield code="b">The blue / </subfield>
    <subfield code="c">&#x17A2;&#x1784;&#x17CB;&#x178F;&#x17D2;&#x1799;&#x17BC;&#x1787;&#x17BC;&#x179F; &#x17A2;&#x17BC;&#x1798;&#x17B8;&#x179F;&#x17BB;&#x17B8; Antiochus Omissi</subfield>
  </datafield>
  <datafield tag="260" ind1=" " ind2=" ">
    <subfield code="a">Phnom Penh : </subfield>
    <subfield code="b">Sipar , </subfield>
    <subfield code="c">2024 .</subfield>
  </datafield>
  <datafield tag="300" ind1=" " ind2=" ">
    <subfield code="a">39 pages : </subfield>
    <subfield code="b">color illustrations ; </subfield>
    <subfield code="c">23 cm . </subfield>
  </datafield>
  <datafield tag="490" ind1=" " ind2=" ">
    <subfield code="a">&#x179A;&#x17BF;&#x1784;&#x178A;&#x17C6;&#x1794;&#x17BC;&#x1784;&#x17D7;</subfield>
  </datafield>
  <datafield tag="520" ind1=" " ind2=" ">
    <subfield code="a">&#x1785;&#x179A;&#x17B7;&#x1799;&#x17B6;&#x1787;&#x17BD;&#x1794;&#x1794;&#x17D2;&#x179A;&#x1791;&#x17C7;&#x179F;&#x178F;&#x17D2;&#x179C;&#x178F;&#x17BC;&#x1785;&#x1796;&#x178E;&#x17CC;&#x1781;&#x17C0;&#x179C;&#x1798;&#x17BD;&#x1799;&#x17D4; &#x179C;&#x17B6;&#x1798;&#x1780;&#x179A;&#x17B6;&#x179A;&#x17B6;&#x17C6;&#x1784;&#x1795;&#x17D2;&#x179B;&#x17BC;&#x179C;&#x1793;&#x17B6;&#x1784; &#x17A0;&#x17BE;&#x1799;&#x1792;&#x17D2;&#x179C;&#x17BE;&#x17B2;&#x17D2;&#x1799;&#x17A2;&#x17D2;&#x179C;&#x17B8;&#x17D7;&#x1782;&#x17D2;&#x179A;&#x1794;&#x17CB;&#x1799;&#x17C9;&#x17B6;&#x1784;&#x1780;&#x17D2;&#x179B;&#x17B6;&#x1799;&#x1787;&#x17B6;&#x179B;&#x17C6;&#x1794;&#x17B6;&#x1780;&#x17D4; &#x179C;&#x17B6;&#x1780;&#x17CF;&#x1792;&#x17C6;&#x17A1;&#x17BE;&#x1784;&#x17D7;&#x1787;&#x17B6;&#x1794;&#x1793;&#x17D2;&#x178F;&#x1794;&#x1793;&#x17D2;&#x1791;&#x17B6;&#x1794;&#x17CB;&#x17D4; &#x1785;&#x179A;&#x17B7;&#x1799;&#x17B6;&#x1798;&#x17B6;&#x1793;&#x17A2;&#x17B6;&#x179A;&#x1798;&#x17D2;&#x1798;&#x178E;&#x17CD;&#x1797;&#x17D0;&#x1799;&#x1781;&#x17D2;&#x179B;&#x17B6;&#x1785; &#x2014; &#x178F;&#x17BE;&#x1793;&#x17B6;&#x1784;&#x1782;&#x17BD;&#x179A;&#x1792;&#x17D2;&#x179C;&#x17BE;&#x178A;&#x17BC;&#x1785;&#x1798;&#x17D2;&#x178F;&#x17C1;&#x1785;&#x178A;&#x17BE;&#x1798;&#x17D2;&#x1794;&#x17B8;&#x1794;&#x17C6;&#x1794;&#x17B6;&#x178F;&#x17CB;&#x1796;&#x178E;&#x17CC;&#x1781;&#x17C0;&#x179C;&#x1793;&#x17C1;&#x17C7;?</subfield>
  </datafield>
  <datafield tag="520" ind1=" " ind2=" ">
    <subfield code="a">Chakriya meets a small blue creature . It gets in her way , and makes everytihing difficult ! It grows bigger and bigger . Chakriya is scared-what she do to get rid of the blue? </subfield>
  </datafield>
  <datafield tag="650" ind1=" " ind2=" ">
    <subfield code="a">&#x1796;&#x178E;&#x17CF;&#x1781;&#x17C0;&#x179C; </subfield>
    <subfield code="v">&#x179A;&#x17BF;&#x1784;&#x1793;&#x17B7;&#x1791;&#x17B6;&#x1793;&#x1780;&#x17BB;&#x1798;&#x17B6;&#x179A;</subfield>
  </datafield>
  <datafield tag="650" ind1=" " ind2=" ">
    <subfield code="a">The blue</subfield>
    <subfield code="v">Children's Stories </subfield>
  </datafield>
  <datafield tag="700" ind1=" " ind2=" ">
    <subfield code="a">Channeng , Pat</subfield>
    <subfield code="e">Designer </subfield>
  </datafield>
  <datafield tag="942" ind1=" " ind2=" ">
    <subfield code="2">ddc</subfield>
    <subfield code="c">KHB</subfield>
    <subfield code="n">0</subfield>
  </datafield>
  <datafield tag="999" ind1=" " ind2=" ">
    <subfield code="c">10141</subfield>
    <subfield code="d">10141</subfield>
  </datafield>
  <datafield tag="952" ind1=" " ind2=" ">
    <subfield code="0">0</subfield>
    <subfield code="1">0</subfield>
    <subfield code="2">ddc</subfield>
    <subfield code="4">0</subfield>
    <subfield code="7">0</subfield>
    <subfield code="8">Khmer-English Bilingual </subfield>
    <subfield code="a">002</subfield>
    <subfield code="b">002</subfield>
    <subfield code="d">2026-04-24</subfield>
    <subfield code="l">0</subfield>
    <subfield code="o">OMI PZ7 823 </subfield>
    <subfield code="p">2026-0534</subfield>
    <subfield code="r">2026-04-24 09:51:00</subfield>
    <subfield code="w">2026-04-24</subfield>
    <subfield code="y">KHB</subfield>
  </datafield>
</record>
